| 000 | 01068cab a2200265 4500 | ||
|---|---|---|---|
| 001 | WB3313-07 | ||
| 008 | 090401t1997 xxu||||| |||| 00| 0 eng d | ||
| 035 | _a(Sirsi) u77423 | ||
| 041 | _aeng | ||
| 245 | _aListed building | ||
| 260 | _c1997 | ||
| 350 | _a0 | ||
| 490 |
_aEstates Gazette Case Summaries _v[1997] EGCS 38 (22/3/97) |
||
| 520 | _a"Browning v Tameside MBC" CA 11 March 1997. Works carried out on listed building without consent. Works damaged adjoining property. Council (T) served listed buildings enforcement notice. Work completed on property. T registered local land charge against B in respect of cost of default works. B sought order to vacate land charge. Judge declared enforcement notice invalid. Appeal by council dismissed. | ||
| 650 | _aADJOINING PROPERTIES | ||
| 650 | _aBROWNING V TAMESIDE MBC | ||
| 650 | _aDEMOLITION | ||
| 650 | _aENFORCEMENT NOTICE | ||
| 650 | _aLISTED BUILDING | ||
| 650 | _aLOCAL LAND CHARGES | ||
| 650 |
_aParty walls _96258 |
||
| 690 | _aCONSERVATION-CASE LAW | ||
| 942 | _n0 | ||
| 948 | _c26/03/1997 | ||
| 999 |
_c48678 _d48678 |
||